Reader, come home : the reading brain in a digital ... Read More
Available copies
- 2 of 2 copies available at LARL/NWRL Consortium.
- 1 of 1 copy available at Lake Agassiz Regional Library. (Show preferred library)
Current holds
0 current holds with 2 total copies.
Show Only Available Copies
| Location | Call Number / Copy Notes | Barcode | Shelving Location | Status | Due Date |
|---|---|---|---|---|---|
| Moorhead Public Library | 418.4019 WOL (Text) | 33500012758850 | Main | Available | - |
| Greenbush Public Library | 418.4019 WOL (Text) | 35500006076929 | Main | Available | - |
Record details
- ISBN: 9780062388780
- ISBN: 0062388789
- Physical Description: viii, 260 pages : illustrations ; 22 cm
- Edition: First edition.
- Publisher: New York, NY : Harper, an imprint of HarperCollinsPublishers, [2018]
Content descriptions
| Bibliography, etc. Note: | Includes bibliographical references (pages ... Read More |
| Formatted Contents Note: | Reading, the canary in the mind -- Under the big ... Read More |
| Summary, etc.: | Draws on the author's extensive research from ... Read More A decade ago, Wolf's Proust and the Squid revealed ... Read More |
Search for related items by subject
| Subject: | Reading, Psychology of. Books and reading > Psychological aspects. Reading comprehension > Psychological aspects. Reading > Technological innovations. |
| LDR | 02333cam a2200373Ii 4500 | ||
|---|---|---|---|
| 001 | 291137 | ||
| 003 | LARL_NWRL_CONSORTIUM | ||
| 005 | 20180808141857.0 | ||
| 008 | 180802s2018 nyua b 001 0 eng d | ||
| 010 | . | ‡abl2018117004 | |
| 040 | . | ‡aPNX ‡beng ‡cPNX ‡erda ‡dPNX ‡dZHB ‡dILC ‡dIH9 | |
| 020 | . | ‡a9780062388780 | |
| 020 | . | ‡a0062388789 | |
| 035 | . | ‡a(OCoLC)1047603037 | |
| 082 | 0 | 4. | ‡a418/.4019 ‡223 |
| 100 | 1 | . | ‡aWolf, Maryanne, ‡eauthor. ‡0(LARL_NWRL_CONSORTIUM)180735 |
| 245 | 1 | 0. | ‡aReader, come home : ‡bthe reading brain in a digital world / ‡cMaryanne Wolf ; illustrated by Catherine Stoodley. |
| 250 | . | ‡aFirst edition. | |
| 264 | 1. | ‡aNew York, NY : ‡bHarper, an imprint of HarperCollinsPublishers, ‡c[2018] | |
| 300 | . | ‡aviii, 260 pages : ‡billustrations ; ‡c22 cm | |
| 336 | . | ‡atext ‡2rdacontent | |
| 337 | . | ‡aunmediated ‡2rdamedia | |
| 338 | . | ‡avolume ‡2rdacarrier | |
| 504 | . | ‡aIncludes bibliographical references (pages 215-247) and index. | |
| 520 | . | ‡aDraws on the author's extensive research from "Proust and the Squid" to consider the future of the reading brain and its capacity for critical thinking, empathy, and reflection in today's highly digitized world. | |
| 520 | . | ‡aA decade ago, Wolf's Proust and the Squid revealed what we know about how the brain learns to read and how reading changes the way we think and feel. Now, in a series of letters, Wolf describes her concerns-- and hopes-- about how digital mediums may be changing our brains. Wolf herself has found that her ability to read deeply has been impacted as she becomes increasingly dependent on screens. What could this mean for our future? -- adapted from jacket | |
| 505 | 0 | . | ‡aReading, the canary in the mind -- Under the big top: an unusual view of the reading brain -- Deep reading: is it endangered? -- "What will become of the readers we have been?" -- The raising of children in a digital age -- From laps to laptops in the first five years: don't move too fast -- The science and poetry in reading (and teaching) to read) -- Building a biliterate brain -- Reader, come home. |
| 650 | 0. | ‡aReading, Psychology of. ‡0(LARL_NWRL_CONSORTIUM)29461 | |
| 650 | 0. | ‡aBooks and reading ‡xPsychological aspects. ‡0(LARL_NWRL_CONSORTIUM)171052 | |
| 650 | 0. | ‡aReading comprehension ‡xPsychological aspects. | |
| 650 | 0. | ‡aReading ‡xTechnological innovations. | |
| 901 | . | ‡a291137 ‡bOCoLC ‡c291137 ‡tbiblio ‡soclc | |

Add to basket
Permalink
Disable Highlighting